| 000 | 00554 a2200157 4500 | ||
|---|---|---|---|
| 999 |
_c234461 _d234461 |
||
| 003 | Nust | ||
| 005 | 20170321113054.0 | ||
| 008 | 170321b xxu||||| |||| 00| 0 eng d | ||
| 040 | _cNust | ||
| 082 |
_a355.0095491 _bRIZ |
||
| 100 | _aRiza,Shaukat | ||
| 245 |
_aThe Pakistan army war 1965 _cShaukat Riza _hEnglish |
||
| 260 |
_aLahore _bWajidalis private limited _c1984 |
||
| 300 |
_a24cm _bxxi,311p,; _cill.; |
||
| 650 | _aPakistan. Army --History. | ||
| 655 | _aincludes indes. | ||
| 942 |
_cBK _2ddc |
||